000 00432nam a2200193Ia 4500
008 240510s9999 xx 000 0 und d
020 _a0000356081729
041 _aEng
082 _a004.1
082 _bH14
100 _aHALL P.A.V.
245 0 _aCOMPUTATIONAL STRUCTURS
260 _bLONDON : MACDONALD
260 _c1975
300 _a193 p.
650 _aCOMPUTER SCIENCE : COMPUTING
942 _2ddc
942 _cLBK
999 _c25254
_d25254
945 _a1
_bMadushi Gamage
_c1
_dMadushi Gamage